000 00492nam a2200193Ia 4500
003 GCL
008 140319s9999 xx 000 0 eng d
040 _aGCL /
_cGCL
082 0 4 _a621.382
_bC S
100 1 _aCHIRLIAN, PAUL M.
245 1 0 _aSIGNALS AND FILTERS /
_cCHIRLIAN, PAUL M.
260 _a[S.N] :
_bVAN NOSTRAND REINHOLD ،
_c1994
300 _a397 P
650 0 4 _aSIGNAL PROCESSING
650 0 4 _aSYSTEM ANALYSIS
650 0 4 _aDATA
650 0 4 _aMATHEMATICS
942 _2ddc
_cBK
999 _c23854
_d23854